000 00538nam a2200217Ia 4500
003 OSt
005 20221005124421.0
006 a|||||r|||| 00| 0
007 ta
008 221004b |||||||| |||| 00| 0 kan d
024 _a46119
037 _cTextual
040 _aCRL
_cCRL
_bkan
041 _2kan
_akan
082 _aO33,6NSI,7, L8
100 _aSitaramaiah
_9629488
245 0 _aMumbayivsa
650 _aKANNAD LITERATURE
942 _hO33,6NSI,7, L8
_cTEXL
_2cc
999 _c1050402
_d1050402